|
|
|
|
| LEADER |
00865nam a2200265 a 4500 |
| 001 |
000198309 |
| 003 |
CZ BrMZK |
| 005 |
20040506094220.0 |
| 008 |
010907s1997 xr f cze d |
| 020 |
|
|
|a 80-86005-39-9
|
| 040 |
|
|
|a BOA001
|b cze
|
| 080 |
|
|
|a 101
|2 MRF
|
| 100 |
1 |
|
|a Hejdánek, Ladislav,
|d 1927-2020
|7 jk01040550
|4 aut
|
| 245 |
1 |
0 |
|a Nepředmětnost v myšlení a ve skutečnosti /
|c Ladislav Hejdánek
|
| 250 |
|
|
|a 1. vyd.
|
| 260 |
|
|
|a Praha :
|b Oikoymenh,
|c 1997
|
| 300 |
|
|
|a 197 s. ;
|c 20 cm
|
| 490 |
1 |
|
|a Oikúmené
|
| 500 |
|
|
|a Bibliogr. s. 197
|
| 653 |
0 |
|
|a filozofické myšlení
|a filozofie
|a filozofie člověka
|a nepředmětnost
|
| 830 |
|
0 |
|a Oikúmené
|
| 910 |
|
|
|a BOA001
|b PK-0127.895
|
| 964 |
|
|
|a Myšlení filozofické
|
| 990 |
|
|
|a BK
|
| 996 |
7 |
|
|b 3119008496
|c PK-0127.895
|l MZK
|r Sklad / do 1 hodiny
|n 18
|p kup
|w 000198309
|u 000010
|a 1
|e BOA001
|j MZK50
|s A
|